000 00844nmm a2200277 a 4500
001 ocm000602893
003 TR-IsHL
005 20201028130333.0
008 130927s2008 tu tur
007 cr cn
020 _a9786055965785
035 _a602893
_b(N$T)
050 0 4 _aPL248.S45
_bD57 2008
090 0 4 _aPL248.S45
_bD57 2008
100 1 _aSelim, Afşin
245 1 0 _aDireniş denemeleri
_h[electronic resource] /
_cAfşin Selim
250 _a1. bs.
260 _aİstanbul :
_bFosil Yayınları,
_c2008
300 _a86 p.
650 4 _aDil ve Edebiyat
650 4 _aLanguage and Literature
650 0 _aTürk denemeleri
650 0 _aTurkish essays
650 7 _aLITERARY COLLECTIONS / Middle Eastern
_2bisacsh
856 4 0 _uhttp://search.ebscohost.com/login.aspx?direct=true&scope=site&db=e011xww&AN=602893
999 _c3969
_d3969